000 00600nam a22001577a 4500
008 250828b ||||| |||| 00| 0 eng d
020 _a9786299896586
082 0 4 _a004
245 0 0 _aGARIS PANDUAN TADBIR URUS PENDIGITALAN JMG.GP.37
260 _aPutrajaya :
_bJabatan Mineral dan Geosains Malaysia,
_c2025
300 _a57 pages :
_bsome colour illustrations ;
_c30 cm
500 _aDalam Proses Pengkatalogan
650 1 0 _xInformation technology
_yHandbooks, manuals, etc.
650 2 0 _xComputer-assisted instruction
_yHandbooks, manuals, etc.
942 _2ddc
_e23
_h004 GAR
999 _c26702
_d26702